000 01036nam a2200229 i 4500
001 164406
003 ES-MaACL
005 20241027193154.0
008 990531s1893 sp a |||| | spa d
080 _a726.71(460.237 Poblet)
100 1 _aSalas Ricomá, Ramón.
_9132318
245 1 0 _aGuía histórica y artística del Monasterio de Poblet /
_cpor Ramón Salas Ricomá.
260 _aTarragona :
_b[s.n.],
_c1893 (
_fEstablecimiento Tipográfico de F. Arís é hijo)
300 _a122 p. [2] p., [1] plano fot. :
_bil. ;
_c24 cm.
490 1 _aMonumentos históricos y artísticos de la provincia de Tarragona
610 2 _aMonasterio de Santa María de Poblet.
_95752
650 4 _aMonasterios-
_zCataluña.
_9140508
830 0 _aMonumentos históricos y artísticos de la provincia de Tarragona
_9222349
852 _aES-MaACL
_jT-1470-F-5
_z. - Enc. hol., conservando la enc. original
_x- T596: En el pie de imp. de cub. consta la fecha de 1894 -..T490: La serie consta en cub.
942 _2udc
999 _c164406
_d164406